书目信息 |
| 题名: |
汽车修理工操作技能问答
|
|
| 作者: | 姜龙青 编著 | |
| 分册: | ||
| 出版信息: | 北京 中国电力出版社 2008.01 |
|
| 页数: | 12, 246页 | |
| 开本: | 21cm | |
| 丛书名: | 机电工人操作技能问答丛书 | |
| 单 册: | ||
| 中图分类: | U472.4-44 | |
| 科图分类: | ||
| 主题词: | 汽车--qi che--车辆修理--问答 | |
| 电子资源: | ||
| ISBN: | 978-7-5083-5900-7 | |
| 000 | 01031nam 2200265 450 | |
| 001 | 012008363397 | |
| 005 | 20080517084452.24 | |
| 010 | @a978-7-5083-5900-7@dCNY16.00 | |
| 100 | @a20080517d2008 em y0chiy0120 ea | |
| 101 | 0 | @achi |
| 102 | @aCN@b110000 | |
| 105 | @aak a 000yy | |
| 106 | @ar | |
| 200 | 1 | @a汽车修理工操作技能问答@Aqi che xiu li gong cao zuo ji neng wen da@f姜龙青编著@Fjiang long qing bian zhu |
| 210 | @a北京@c中国电力出版社@d2008.01 | |
| 215 | @a12, 246页@c图@d21cm | |
| 225 | 2 | @a机电工人操作技能问答丛书@Aji dian gong ren cao zuo ji neng wen da cong shu |
| 320 | @a有书目 (第246页) | |
| 330 | @a全书主要包括汽车修理工操作技能基础、汽车发动机维修操作技能、汽车底盘维修操作技能和汽车电器维修操作技能等内容,重点突出汽修操作方法与工艺以及故障判断与排除的操作步骤。 | |
| 410 | 0 | @12001 @a机电工人操作技能问答丛书 |
| 606 | 0 | @a汽车@Aqi che@x车辆修理@j问答 |
| 690 | @aU472.4-44@v4 | |
| 701 | 0 | @a姜龙青@Ajiang long qing@4编著 |
| 801 | 0 | @aCN@bQSSK@c20080517 |
| 905 | @b712935-37@dU472.4-44@eJ515@f3 | |
| 汽车修理工操作技能问答/姜龙青编著.-北京:中国电力出版社,2008.01 |
| 12, 246页:图;21cm.-(机电工人操作技能问答丛书) |
| ISBN 978-7-5083-5900-7:CNY16.00 |
| 全书主要包括汽车修理工操作技能基础、汽车发动机维修操作技能、汽车底盘维修操作技能和汽车电器维修操作技能等内容,重点突出汽修操作方法与工艺以及故障判断与排除的操作步骤。 |
| ● |
| 相关链接 |
|
|
|
正题名:汽车修理工操作技能问答
索取号:U472.4-44/J515
 
预约/预借
| 序号 | 登录号 | 条形码 | 馆藏地/架位号 | 状态 | 备注 |
| 1 | 712935 | 207129356 | 自科库501/501自科库 57排4列5层/ [索取号:U472.4-44/J515] | 在馆 | |
| 2 | 712936 | 207129365 | 自科库501/501自科库 57排4列5层/ [索取号:U472.4-44/J515] | 在馆 | |
| 3 | 712937 | 207129374 | 自科库501/501自科库 57排4列5层/ [索取号:U472.4-44/J515] | 在馆 |